| 000 | 00434nam a22001697a 4500 | ||
|---|---|---|---|
| 003 | MPLRDC | ||
| 005 | 20220104114300.0 | ||
| 008 | 210129b ||||| |||| 00| 0 eng d | ||
| 082 | _a857.27 LHJ v.1 c.2 | ||
| 100 | _a李厚基编文 | ||
| 245 |
_a阿宝 _c杨文仁绘画 |
||
| 250 | _a第一版 | ||
| 260 |
_a _b香港海鸥出版公司 _c1985 |
||
| 300 | _b平 | ||
| 650 | _a小说--笔记; 异闻 | ||
| 942 |
_cBK _o857.27 LHJ v.1 c.2 |
||
| 999 |
_c6268 _d6258 |
||